Prírodné katastrofy

Gespeichert in:
Bibliographische Detailangaben
Format: Buch
Sprache:Slowakisch
Veröffentlicht: Bratislava Príroda 1988
Ausgabe:1. vyd.
Schriftenreihe:Ochrana prírody
Tags: Tag hinzufügen
Keine Tags, Fügen Sie das erste Tag hinzu!

MARC

LEADER 00000nam a2200000 4500
001 c034356
005 20250714113538.9
041 0 |a slo 
044 |a SK 
245 1 0 |a Prírodné katastrofy  |c József Horti ; [Z maď. prel.] Elemír Janečko 
250 |a 1. vyd. 
264 1 |a Bratislava  |b Príroda  |c 1988 
300 |a 247 s. 
490 1 |a Ochrana prírody 
830 0 |a Ochrana prírody